[Event "III Liga KPZSzach - Sezon 2016/2017"]
[Site "Wojewodztwo Kujawsko-Pomorskie"]
[Date "2016.??.??"]
[Round "2.6"]
[White "Sliwicki, Damian"]
[Black "Winkler, Bogdan"]
[Result "1-0"]
[WhiteElo "2118"]
[BlackElo "1533"]
[PlyCount "87"]
[EventDate "2016.??.??"]

1. e4 c5 2. Nc3 Nc6 3. Bb5 a6 4. Bxc6 dxc6 5. f4 Nf6 6. Nf3 Bg4 7. O-O e6 8. d3
Be7 9. h3 Bxf3 10. Qxf3 O-O 11. Be3 b5 12. g4 b4 13. Na4 Qa5 14. b3 g6 15. f5
exf5 16. gxf5 Nh5 17. e5 Qc7 18. f6 Bd8 19. Nxc5 Re8 20. d4 Qc8 21. Ne4 Bc7 22.
Ng5 Bxe5 23. dxe5 Rxe5 24. Rae1 Rf5 25. Qg2 Rxf6 26. Rxf6 Nxf6 27. Bd4 Nd5 28.
Qe4 f6 29. Rf1 Qe8 30. Qe6+ Qxe6 31. Nxe6 Kf7 32. Ng5+ Kg7 33. Ne4 Rf8 34. Nc5
Kf7 35. Nd7 Rd8 36. Nxf6 Nxf6 37. Bxf6 Rd5 38. Bc3+ Ke6 39. Bxb4 c5 40. Bc3 Rf5
41. Rxf5 gxf5 42. Kf2 Kd5 43. Kf3 c4 44. Kf4 1-0

[Event "III Liga KPZSzach - Sezon 2016/2017"]
[Site "Wojewodztwo Kujawsko-Pomorskie"]
[Date "2016.??.??"]
[Round "2.7"]
[White "Mazur, Stanislaw"]
[Black "Jablonski, Miroslaw"]
[Result "1-0"]
[WhiteElo "1724"]
[BlackElo "1994"]
[PlyCount "101"]
[EventDate "2016.??.??"]

1. e4 e5 2. Nf3 Nc6 3. Bb5 a6 4. Bxc6 dxc6 5. O-O Bg4 6. h3 h5 7. d3 Qf6 8.
Nbd2 Ne7 9. Re1 Ng6 10. d4 Bd6 11. hxg4 hxg4 12. Nh2 Qh4 13. Ndf1 exd4 14. e5
Bc5 15. Qxg4 Qxg4 16. Nxg4 O-O-O 17. Ngh2 Rde8 18. Nf3 f6 19. exf6 gxf6 20. Bd2
Ne5 21. Nxe5 fxe5 22. Ng3 Bd6 23. Ne4 Ref8 24. g3 Rhg8 25. Kg2 Rg4 26. Re2 c5
27. b3 Kd7 28. Rh1 Rf7 29. Rh6 Be7 30. f3 Rg8 31. Rh5 Bd6 32. g4 Rgf8 33. Rf2
b5 34. g5 Rf5 35. Kg3 c4 36. Kg4 Be7 37. Rh7 R5f7 38. Rxf7 Rxf7 39. Rh2 cxb3
40. axb3 c5 41. Rh6 a5 42. Bxa5 c4 43. bxc4 bxc4 44. Bd2 Ba3 45. g6 Rg7 46. Rh7
Bf8 47. Kf5 Rxh7 48. gxh7 Bg7 49. Bg5 Ke8 50. Kg6 Kf8 51. Be7+ 1-0

[Event "III Liga KPZSzach - Sezon 2016/2017"]
[Site "Wojewodztwo Kujawsko-Pomorskie"]
[Date "2016.??.??"]
[Round "2.8"]
[White "Tamon, Radoslaw"]
[Black "Bialkowski, Jozef"]
[Result "1-0"]
[WhiteElo "1800"]
[BlackElo "1603"]
[PlyCount "84"]
[EventDate "2016.??.??"]

1. e4 e5 2. Nf3 Nc6 3. Bb5 d6 4. d4 exd4 5. Nxd4 Bd7 6. Bxc6 bxc6 7. Nc3 Nf6 8.
Bg5 Be7 9. Qd3 h6 10. Bh4 a5 11. O-O O-O 12. Rfe1 Rb8 13. b3 Nh7 14. Bxe7 Qxe7
15. f4 Kh8 16. e5 d5 17. Kh1 Qh4 18. f5 Ng5 19. Nf3 Nxf3 20. Qxf3 Rb4 21. Ne2
Re4 22. Ng3 Rxe1+ 23. Rxe1 Qg5 24. Qc3 h5 25. Qxa5 h4 26. Ne2 Bxf5 27. Qc5 Re8
28. Nc3 Qd2 29. Re2 Qc1+ 30. Qg1 Qf4 31. Qe1 h3 32. Kg1 hxg2 33. Qf2 Qc1+ 34.
Re1 Qg5 35. Qxg2 Qxg2+ 36. Kxg2 Bxc2 37. Rc1 Bd3 38. Nd1 Be4+ 39. Kg3 Re6 40.
Nf2 Rg6+ 41. Kf4 Rh6 42. Nxe4 dxe4 {zapis nieczytelny} 1-0

[Event "III Liga KPZSzach - Sezon 2016/2017"]
[Site "Wojewodztwo Kujawsko-Pomorskie"]
[Date "2016.??.??"]
[Round "2.11"]
[White "Wargulec, Dariusz"]
[Black "Zolnierowicz, Krzysztof"]
[Result "0-1"]
[WhiteElo "1934"]
[BlackElo "2025"]
[PlyCount "72"]
[EventDate "2016.??.??"]

1. d4 c5 2. d5 e6 3. c4 exd5 4. cxd5 d6 5. Nc3 a6 6. a4 g6 7. e4 Bg7 8. Nf3 Nh6
9. Bd3 O-O 10. O-O Nd7 11. Bg5 f6 12. Be3 Ng4 13. Bf4 Qe7 14. Qd2 Nde5 15. Nxe5
Nxe5 16. Rae1 Bd7 17. a5 Qd8 18. Ra1 b5 19. axb6 Qxb6 20. Be2 f5 21. f3 Nf7 22.
Rfb1 h6 23. Be3 a5 24. Bd1 g5 25. Ba4 Ne5 26. Bxd7 Nc4 27. Qe2 Nxe3 28. exf5
Nxf5 29. Bxf5 Rxf5 30. Kh1 Raf8 31. Qe6+ Kh7 32. Ne4 Qb3 33. Qxd6 Rxd5 34. Qe7
Kh8 35. Re1 g4 36. Nxc5 Qc4 0-1

[Event "III Liga KPZSzach - Sezon 2016/2017"]
[Site "Wojewodztwo Kujawsko-Pomorskie"]
[Date "2016.??.??"]
[Round "2.12"]
[White "Cwik, Jakub"]
[Black "Kadukowski, Pawel"]
[Result "1-0"]
[WhiteElo "1831"]
[BlackElo "1788"]
[PlyCount "103"]
[EventDate "2016.??.??"]

1. b3 d5 2. Bb2 Nc6 3. e3 Nf6 4. Nf3 Bg4 5. Bb5 e6 6. h3 Bxf3 7. Bxc6+ bxc6 8.
Qxf3 Be7 9. O-O O-O 10. Nc3 Nd7 11. Na4 Nb6 12. Nc3 f5 13. Ne2 Bf6 14. Bxf6
Qxf6 15. d4 Nd7 16. c4 Qe7 17. Rfc1 Nf6 18. Nf4 Ne4 19. Qe2 e5 20. dxe5 Qxe5
21. cxd5 cxd5 22. Qd3 Rfd8 23. Rc6 Rd7 24. Rac1 Re8 25. Qd4 Qxd4 26. exd4 Ree7
27. Nd3 g6 28. Ne5 Rd6 29. Rxc7 Rxc7 30. Rxc7 Ra6 31. f3 Ng5 32. a4 Ne6 33. Rc6
Rb6 34. Rxb6 axb6 35. Nc6 Kf7 36. Kf2 Ke8 37. Ke3 Kd7 38. Ne5+ Kd6 39. f4 Nd8
40. g4 Ke6 41. gxf5+ gxf5 42. b4 Nb7 43. Kf3 Nd6 44. Kg3 Nc4 45. Nxc4 dxc4 46.
Kf3 Kd5 47. Ke3 c3 48. Kd3 c2 49. Kxc2 Kxd4 50. a5 bxa5 51. bxa5 Kc5 52. Kc3
1-0

[Event "III Liga KPZSzach - Sezon 2016/2017"]
[Site "Wojewodztwo Kujawsko-Pomorskie"]
[Date "2016.??.??"]
[Round "2.13"]
[White "Bialas, Jerzy"]
[Black "Rogulski, Sebastian"]
[Result "0-1"]
[WhiteElo "1687"]
[BlackElo "1517"]
[PlyCount "82"]
[EventDate "2016.??.??"]

1. e4 e6 2. d4 d5 3. e5 c5 4. c3 Qb6 5. Nf3 Nc6 6. Bd3 Bd7 7. O-O cxd4 8. cxd4
Nxd4 9. Nxd4 Qxd4 10. Nc3 Qxe5 11. Re1 Qd6 12. Nb5 Bxb5 13. Bxb5+ Kd8 14. Qf3
Nf6 15. Bf4 Qb6 16. Ba4 Bc5 17. Be5 Bd4 18. Bg3 Bxb2 19. Rab1 Qa5 20. Qb3 b6
21. Bc6 Rc8 22. Bb7 Bc3 23. Bxc8 Bxe1 24. Rc1 Ne4 25. Qd1 Bc3 26. f3 Qc5+ 27.
Kh1 Nxg3+ 28. hxg3 Qxc8 29. f4 h5 30. f5 h4 31. g4 d4 32. fxe6 fxe6 33. Qf3 Ke7
34. Qf4 h3 35. Qg5+ Ke8 36. gxh3 Qc6+ 37. Kg1 Rxh3 38. Qg6+ Kd8 39. Qg5+ Kc8
40. Qf4 Qh1+ 41. Kf2 Rh2+ 0-1

[Event "III Liga KPZSzach - Sezon 2016/2017"]
[Site "Wojewodztwo Kujawsko-Pomorskie"]
[Date "2016.??.??"]
[Round "2.14"]
[White "Bultrowicz, Leszek"]
[Black "Lech, Piotr"]
[Result "0-1"]
[WhiteElo "1508"]
[BlackElo "1686"]
[PlyCount "74"]
[EventDate "2016.??.??"]

1. c4 Nf6 2. d4 e6 3. g3 d5 4. cxd5 exd5 5. Bg2 Be7 6. Nf3 O-O 7. O-O c6 8. Nc3
Nbd7 9. a3 a5 10. h3 Re8 11. e3 Nf8 12. Ne5 Bd6 13. f4 N6d7 14. Qh5 g6 15. Qf3
f6 16. Nd3 Nb6 17. g4 Qe7 18. Rb1 Nc4 19. Nd1 Bc7 20. b4 axb4 21. axb4 Nd6 22.
Nc3 Ne4 23. Nd1 b6 24. b5 cxb5 25. Rxb5 Ba6 26. Nb4 Bxb5 27. Nxd5 Qd6 28. N1c3
Nxc3 29. Nxc3 Bxf1 30. Qxf1 Ra1 31. Qc4+ Kh8 32. Nb5 Qe7 33. Kh2 Bb8 34. Bd2
Rd1 35. Qe2 Rxd2 36. Qxd2 Qxe3 37. Qb4 Bxf4+ 0-1

[Event "III Liga KPZSzach - Sezon 2016/2017"]
[Site "Wojewodztwo Kujawsko-Pomorskie"]
[Date "2016.??.??"]
[Round "2.15"]
[White "Karwowska, Danuta"]
[Black "Pyzewska, Ewelina"]
[Result "1-0"]
[WhiteElo "1281"]
[BlackElo "1366"]
[PlyCount "63"]
[EventDate "2016.??.??"]

1. e4 d5 2. exd5 Qxd5 3. Nc3 Qd6 4. d4 a6 5. Bc4 Nf6 6. Nf3 b5 7. Bb3 Bb7 8. a4
b4 9. Ne2 Bxf3 10. gxf3 e6 11. Bf4 Qd7 12. c4 c6 13. a5 Nh5 14. Bg3 c5 15. Ba4
Nc6 16. d5 exd5 17. cxd5 Qf5 18. Bxc6+ Kd8 19. Bxa8 Qxf3 20. O-O Nxg3 21. fxg3
Qe3+ 22. Rf2 h5 23. d6 h4 24. Qc1 Qe5 25. Qf4 Qxb2 26. Rc1 Qb3 27. gxh4 Qe6 28.
Rd1 Rh6 29. Qxf7 Rg6+ 30. Bg2 Qxf7 31. Rxf7 Bxd6 32. h5 1-0

[Event "III Liga KPZSzach - Sezon 2016/2017"]
[Site "Wojewodztwo Kujawsko-Pomorskie"]
[Date "2016.??.??"]
[Round "2.16"]
[White "Kacprzak, Karol"]
[Black "Grabarczyk, Sylwester"]
[Result "0-1"]
[WhiteElo "1567"]
[BlackElo "1791"]
[PlyCount "76"]
[EventDate "2016.??.??"]

1. e4 e5 2. Nf3 d6 3. d4 exd4 4. Nxd4 Nf6 5. Nc3 Be7 6. Bc4 O-O 7. O-O Nc6 8.
Nxc6 bxc6 9. f3 Rb8 10. Be3 a5 11. Qd2 Rb4 12. Bb3 c5 13. Rfd1 c6 14. Qf2 Qc7
15. a3 Rb8 16. Qd2 Be6 17. Bxe6 fxe6 18. Rab1 Kh8 19. Ne2 d5 20. exd5 cxd5 21.
Nf4 Qe5 22. Nd3 Qf5 23. Bxc5 Bxc5+ 24. Nxc5 e5 25. Re1 e4 26. fxe4 dxe4 27. b4
Rbd8 28. Qe2 Rde8 29. Rbd1 e3 30. Rf1 Qe5 31. Rd3 Ng4 32. g3 Rxf1+ 33. Kxf1
Nxh2+ 34. Kg2 Ng4 35. Rd1 h5 36. Re1 Rf8 37. Rf1 Qd5+ 38. Kg1 Rf2 0-1

[Event "III Liga KPZSzach - Sezon 2016/2017"]
[Site "Wojewodztwo Kujawsko-Pomorskie"]
[Date "2016.??.??"]
[Round "2.17"]
[White "Tabaczka, Jerzy"]
[Black "Kacprzak, Kacper"]
[Result "0-1"]
[WhiteElo "1753"]
[BlackElo "1543"]
[PlyCount "60"]
[EventDate "2016.??.??"]

1. c4 c5 2. Nc3 Nf6 3. g3 d5 4. cxd5 Nxd5 5. Bg2 Nc7 6. b3 Nc6 7. e3 e5 8. Nge2
Be7 9. d4 cxd4 10. Bxc6+ bxc6 11. exd4 exd4 12. Qxd4 Qxd4 13. Nxd4 Bf6 14. Be3
c5 15. Nde2 Bb7 16. O-O Ne6 17. Nb5 Bxa1 18. Nd6+ Ke7 19. Nxb7 Bd4 20. Bc1 Rab8
21. Na5 Rbc8 22. Ba3 Rhd8 23. Rc1 Ke8 24. Nb7 Rd7 25. Na5 Bf6 26. Nc4 Nd4 27.
Nf4 Bg5 28. Re1+ Kd8 29. Ne5 Re7 30. Nd5 Rxe5 0-1

[Event "III Liga KPZSzach - Sezon 2016/2017"]
[Site "Wojewodztwo Kujawsko-Pomorskie"]
[Date "2016.??.??"]
[Round "2.18"]
[White "Gorny, Jacek"]
[Black "Jozwicki, Jakub"]
[Result "0-1"]
[WhiteElo "1527"]
[BlackElo "2225"]
[PlyCount "94"]
[EventDate "2016.??.??"]

1. d4 f5 2. Nf3 Nf6 3. g3 g6 4. Bg2 Bg7 5. b3 c5 6. Nc3 Ne4 7. Bb2 Nc6 8. e3
Qa5 9. Qd3 Nb4 10. Qd1 Nd5 11. O-O Ndxc3 12. Qd3 b6 13. Ne5 d5 14. f3 Ba6 15.
Nc4 dxc4 16. bxc4 Qb4 17. fxe4 Bxc4 18. Bxc3 Bxd3 19. Bxb4 Bxf1 20. Rxf1 cxb4
21. exf5 O-O-O 22. fxg6 hxg6 23. Be4 g5 24. Rf5 Kc7 25. Rxg5 Bh6 26. Re5 Bxe3+
27. Kg2 Bxd4 28. Rxe7+ Rd7 29. Re6 Bc5 30. Rc6+ Kd8 31. Bd3 Rd6 32. Rxd6+ Bxd6
33. h3 Ke7 34. Bc4 Kf6 35. h4 Rc8 36. Bd3 Rg8 37. h5 Rxg3+ 38. Kf2 Rh3 39. Ke2
Rxh5 40. Ke3 Ke5 41. Kd2 Kf4 42. Kc1 Be5 43. Kd1 Bc3 44. Ke2 Rh2+ 45. Kf1 Kg3
46. Kg1 Rf2 47. Kh1 Bd4 0-1

[Event "III Liga KPZSzach - Sezon 2016/2017"]
[Site "Wojewodztwo Kujawsko-Pomorskie"]
[Date "2016.??.??"]
[Round "2.19"]
[White "Szalek, Jakub"]
[Black "Gorny, Marek"]
[Result "0-1"]
[WhiteElo "1421"]
[BlackElo "1228"]
[PlyCount "36"]
[EventDate "2016.??.??"]

1. e4 c5 2. c4 Nc6 3. Nf3 d6 4. h3 Nf6 5. Nc3 g6 6. d3 Bg7 7. Rb1 O-O 8. Be2
Qc7 9. Be3 Nd7 10. O-O a6 11. Qd2 Nde5 12. Bh6 Nxf3+ 13. Bxf3 Nd4 14. Nd5 Qd8
15. Bxg7 Kxg7 16. Qf4 f5 17. Qg3 fxe4 18. Bxe4 Ne2+ 0-1

[Event "III Liga KPZSzach - Sezon 2016/2017"]
[Site "Wojewodztwo Kujawsko-Pomorskie"]
[Date "2016.??.??"]
[Round "2.20"]
[White "Wloch, Dominika"]
[Black "Bieniek, Daria"]
[Result "1/2-1/2"]
[WhiteElo "1180"]
[BlackElo "1195"]
[PlyCount "103"]
[EventDate "2016.??.??"]

1. e4 e5 2. Nf3 Nc6 3. d4 f6 4. Bc4 d6 5. h3 f5 6. exf5 Bxf5 7. c3 d5 8. Bb5 e4
9. Ne5 Nge7 10. Bg5 Qd6 11. Nd2 a6 12. Bxe7 Bxe7 13. Bxc6+ bxc6 14. c4 c5 15.
cxd5 cxd4 16. Ndc4 Qxd5 17. Qh5+ g6 18. Nxg6 Bb4+ 19. Nd2 Qf7 20. g4 Bxg6 21.
Qe5+ Kd7 22. Qxd4+ Bd6 23. Nc4 Rhf8 24. Ne5+ Ke6 25. Nxf7 Rxf7 26. Qc4+ Ke7 27.
h4 Rf4 28. Qe2 Bb4+ 29. Kf1 Raf8 30. Qe3 Be8 31. a4 Rxg4 32. Qd4 Bd6 33. Re1
Bc6 34. Rh3 Rgf4 35. Re2 Kd8 36. Rb3 Kc8 37. Rc2 e3 38. Qxe3 Bxa4 39. Qe6+ Bd7
40. Qxd6 Rxf2+ 41. Rxf2 Rxf2+ 42. Kxf2 cxd6 43. Kf3 Kc7 44. Ke3 Bb5 45. Kd4 Kc6
46. Rc3+ Kd7 47. Rg3 Kc6 48. Rg7 h5 49. Ke3 Kb6 50. Rg6 Kc7 51. Rg7+ Kb6 52.
Rg6 1/2-1/2

[Event "III Liga KPZSzach 2016/17"]
[Site "?"]
[Date "2016.11.20"]
[Round "2.1"]
[White "Baumann, Dariusz"]
[Black "Gawronski, Miroslaw"]
[Result "1-0"]
[WhiteElo "2062"]
[BlackElo "2092"]
[PlyCount "59"]
[EventDate "2017.01.??"]
[EventType "team"]
[EventCountry "POL"]
[SourceDate "2016.11.20"]

1. d4 Nf6 2. c4 c6 3. Nf3 d5 4. e3 Bf5 5. Nc3 e6 6. Nh4 Bg4 7. Qb3 b6 8. h3 Bh5
9. g4 Nfd7 10. cxd5 exd5 11. Nf5 Bg6 12. Nxd5 Bxf5 13. gxf5 cxd5 14. Qxd5 Bb4+
15. Bd2 Bxd2+ 16. Kxd2 O-O 17. Qxa8 Qc7 18. Rc1 Qd6 19. a3 Nc5 20. Bd3 Nb3+ 21.
Ke2 Re8 22. Be4 Nxc1+ 23. Rxc1 Qe7 24. Qb7 Qd8 25. Rc7 h6 26. Bd5 Kh8 27. Bxf7
Rf8 28. Be6 Qg5 29. Rc8 Qf6 30. Qxb8 1-0

[Event "III Liga KPZSzach 2016/17"]
[Site "?"]
[Date "2016.11.20"]
[Round "2.2"]
[White "Kwiatkowski, Jacek"]
[Black "Kulinski, Krzysztof"]
[Result "0-1"]
[WhiteElo "1850"]
[BlackElo "2058"]
[PlyCount "96"]
[EventDate "2017.01.??"]
[EventType "team"]
[EventCountry "POL"]
[SourceDate "2016.11.20"]

1. Nf3 Nf6 2. d4 g6 3. c4 Bg7 4. Nc3 O-O 5. e4 d6 6. Be2 Bg4 7. h3 Bxf3 8. Bxf3
Nfd7 9. O-O Nc6 10. Be3 e5 11. dxe5 dxe5 12. g3 Nd4 13. Bg2 Nc5 14. b4 Nd3 15.
Rb1 c5 16. a3 cxb4 17. axb4 a5 18. bxa5 Nc5 19. Nd5 Rxa5 20. Re1 Ra3 21. Qc1
Ra2 22. Qd1 Qa5 23. f4 Nc2 24. Re2 Nxe3 25. Rxe3 exf4 26. gxf4 Rd2 27. Qe1 Bd4
28. Kh1 Bxe3 29. Qxe3 Rd3 30. Qf2 Ra8 31. Qh4 h5 32. f5 Qd8 33. f6 Ne6 34. e5
Rd4 35. Qg3 h4 36. Qe3 Kh7 37. Rxb7 Qf8 38. Re7 Rd1+ 39. Kh2 Raa1 40. Nc3 Re1
41. Ne2 Ra2 42. Bf3 g5 43. Qe4+ Kh6 44. Rxe6 fxe6 45. Qg4 Qf7 46. Kg2 Kh7 47.
Kf2 Qa7+ 48. Kg2 Qg1# 0-1

[Event "III Liga KPZSzach 2016/17"]
[Site "?"]
[Date "2016.11.20"]
[Round "2.3"]
[White "Cichocki, Konrad"]
[Black "Chodorowski, Dawid"]
[Result "0-1"]
[WhiteElo "1831"]
[BlackElo "1861"]
[PlyCount "88"]
[EventDate "2017.01.??"]
[EventType "team"]
[EventCountry "POL"]
[SourceDate "2016.11.20"]

1. d4 g6 2. e4 Bg7 3. Nf3 d6 4. Bd3 Nd7 5. O-O e6 6. Bg5 Ne7 7. Qd2 h6 8. Be3
a6 9. c4 b6 10. Nc3 g5 11. h4 g4 12. Nh2 Nc6 13. g3 Nxd4 14. Bxd4 Bxd4 15. Nxg4
Ne5 16. Be2 c5 17. Qf4 Nxg4 18. Bxg4 Rg8 19. Bh5 Qf6 20. Qxf6 Bxf6 21. Rfd1 Ke7
22. Kf1 Bb7 23. Bf3 Bxc3 24. bxc3 b5 25. Rab1 Bc6 26. cxb5 axb5 27. Rb2 Ra3 28.
Rbd2 Rd8 29. Rc1 b4 30. Bg2 bxc3 31. Rdc2 Rb8 32. Rxc3 Rxa2 33. e5 Bxg2+ 34.
Kxg2 Rbb2 35. Rf3 dxe5 36. Rxc5 e4 37. Rc7+ Kd6 38. Rfc3 Rxf2+ 39. Kh3 f5 40.
g4 Rh2+ 41. Kg3 Rag2+ 42. Kf4 Rxg4+ 43. Ke3 Rh3+ 44. Kd4 e5+ 0-1

[Event "III Liga KPZSzach 2016/17"]
[Site "?"]
[Date "2017.11.20"]
[Round "2.4"]
[White "Czarnolewski, Piotr"]
[Black "Grochowalski, Pawel"]
[Result "0-1"]
[WhiteElo "1672"]
[BlackElo "2136"]
[PlyCount "84"]
[EventDate "2017.01.??"]
[EventType "team"]
[EventCountry "POL"]
[SourceDate "2016.11.20"]

1. e4 c6 2. d4 d5 3. e5 c5 4. dxc5 Nc6 5. Bb5 Bf5 6. Nf3 Rc8 7. O-O Bg4 8. c3
e6 9. Be3 Nge7 10. Nbd2 Ng6 11. h3 Bxf3 12. Nxf3 Be7 13. Bd4 O-O 14. b4 b6 15.
Bxc6 bxc5 16. b5 cxd4 17. cxd4 Qb6 18. a4 a5 19. Qd2 Bb4 20. Qe3 Ne7 21. Rfc1
Nxc6 22. bxc6 Rxc6 23. Qb3 Rfc8 24. Rxc6 Rxc6 25. Qd1 Qc7 26. Qd3 h6 27. Rd1
Rc4 28. g4 Rc3 29. Qe2 Qc4 30. Qxc4 dxc4 31. Kg2 Ra3 32. d5 exd5 33. Rxd5 Rxa4
34. Rd8+ Kh7 35. Rd7 Ra2 36. Rxf7 Re2 37. Nd4 Rxe5 38. Nf5 c3 39. Rxg7+ Kh8 40.
Rg6 c2 41. Rxh6+ Kg8 42. Rc6 Rc5 0-1

[Event "III Liga KPZSzach 2016/17"]
[Site "?"]
[Date "2016.11.20"]
[Round "2.5"]
[White "Cichocka, Katarzyna"]
[Black "Budkiewicz, Lucyna"]
[Result "1-0"]
[WhiteElo "1585"]
[BlackElo "1459"]
[PlyCount "93"]
[EventDate "2017.01.??"]
[EventType "team"]
[EventCountry "POL"]
[SourceDate "2016.11.20"]

1. e4 e5 2. Nf3 Nc6 3. Bb5 Nf6 4. Nc3 Bc5 5. Bxc6 dxc6 6. O-O Bg4 7. h3 Bh5 8.
g4 Bg6 9. Nxe5 Bxe4 10. Qe1 Qe7 11. Nxe4 Nxe4 12. Qxe4 f6 13. Re1 fxe5 14. Qxe5
Rd8 15. Qxe7+ Bxe7 16. d3 h6 17. Bf4 Rd7 18. Re4 O-O 19. Rae1 Bf6 20. b3 Kh7
21. Kg2 b6 22. R1e2 Bd4 23. Bg3 Rff7 24. f4 Bc5 25. Re8 g6 26. R8e6 Bd6 27.
R2e4 c5 28. h4 Rd8 29. Re8 Rdd7 30. Kf3 Be7 31. h5 gxh5 32. gxh5 Bd6 33. Ra8 a5
34. Ree8 Be5 35. Rxe5 Kg7 36. Bh4 Rd4 37. Re4 Rd5 38. Ree8 Rxh5 39. Rg8+ Kh7
40. Kg4 Rd5 41. Rh8+ Kg6 42. Rag8+ Rg7 43. Rxg7+ Kxg7 44. Re8 Rd7 45. Re7+ Rxe7
46. Bxe7 Kf7 47. Bd8 1-0

[Event "III Liga KPZSzach - Sezon 2016/2017"]
[Site "?"]
[Date "2016.11.27"]
[Round "2.21"]
[White "Bieluszewski, Robert"]
[Black "Jaroch, Karol"]
[Result "0-1"]
[WhiteElo "1877"]
[BlackElo "2236"]
[PlyCount "38"]
[SourceDate "2016.11.27"]

1. d4 e6 2. c4 Nf6 3. Nc3 Bb4 4. Nf3 b6 5. a3 Bxc3+ 6. bxc3 Bb7 7. e3 Ne4 8.
Qc2 O-O 9. Be2 f5 10. O-O Rf6 11. Nd2 Rh6 12. f3 Nxd2 13. Bxd2 Qh4 14. h3 Rg6
15. Kh1 Nc6 16. Rg1 Na5 17. Rab1 Nxc4 18. Bc1 Nd6 19. c4 Ne4 0-1

[Event "III Liga KPZSzach - Sezon 2016/2017"]
[Site "?"]
[Date "2016.11.27"]
[Round "2.22"]
[White "Szatkowski, Pawel"]
[Black "Luchowski, Ferdynand"]
[Result "0-1"]
[WhiteElo "1210"]
[BlackElo "1578"]
[PlyCount "108"]
[EventDate "2016.??.??"]

1. e4 e6 2. d4 c6 3. g3 d5 4. e5 c5 5. c3 Nc6 6. a3 a6 7. b4 cxd4 8. cxd4 Nge7
9. Bb2 Nf5 10. Nf3 Qb6 11. Qd3 Be7 12. Nbd2 Bd7 13. Nb3 Na7 14. Nc5 Bb5 15. Qd2
Bxf1 16. Kxf1 Rd8 17. Rc1 Nc6 18. Kg2 O-O 19. Qc3 Nb8 20. Rc2 Qa7 21. Bc1 Rc8
22. Qd3 b6 23. Nb3 g6 24. h4 Rc7 25. h5 Ng7 26. hxg6 fxg6 27. Ng5 Bxg5 28. Bxg5
Rxc2 29. Qxc2 Qf7 30. f4 Nf5 31. Qe2 Rc8 32. Re1 Rc3 33. Rc1 Qc7 34. Rxc3 Qxc3
35. Qf3 Ne3+ 36. Kf2 Qxb3 37. Qxe3 Qb2+ 38. Kf3 Nc6 39. Kg4 Qxd4 40. Qxd4 Nxd4
41. a4 Kf7 42. b5 axb5 43. axb5 Ke8 44. Bf6 Nxb5 45. Kg5 d4 46. Kh6 d3 47. Kxh7
d2 48. g4 Kf7 49. f5 exf5 50. e6+ Kxf6 51. g5+ Kxe6 52. Kg7 d1=Q 53. Kh6 Kf7
54. Kh7 Qh1# 0-1

[Event "III Liga KPZSzach - Sezon 2016/2017"]
[Site "?"]
[Date "2016.11.27"]
[Round "2.23"]
[White "Bieluszewski, Lukasz"]
[Black "Kozlowski, Michal"]
[Result "1-0"]
[WhiteElo "1644"]
[BlackElo "1266"]
[PlyCount "51"]
[EventDate "2016.??.??"]

1. d4 d5 2. Nf3 e6 3. c4 Nf6 4. Nc3 c6 5. Bf4 Nbd7 6. c5 Be7 7. e3 h6 8. Bd3 b6
9. b4 Nh5 10. Ne5 Nxf4 11. exf4 Nxe5 12. fxe5 Bb7 13. Qg4 O-O 14. O-O a5 15. a3
axb4 16. axb4 bxc5 17. bxc5 Ra5 18. Ne2 Qc7 19. Nf4 Rfa8 20. Rxa5 Rxa5 21. Nxe6
fxe6 22. Qxe6+ Kh8 23. Qg6 Kg8 24. e6 Bxc5 25. dxc5 Qc8 26. e7 {czas} 1-0